| 000 | 01424nam0a2200325 4500 | ||
|---|---|---|---|
| 001 | RU\NLR\bibl\582206 | ||
| 005 | 20260405074101.0 | ||
| 010 |
_a5-93108-048-1 _9600 |
||
| 021 |
_aRU _b2004-64737 _93192 |
||
| 035 | _a(NLR Aleph) 000574202 | ||
| 090 |
_a1611663 _c1611663 |
||
| 100 | _a20041209d2004 |||y0rusy50 ca | ||
| 101 | 0 | _arus | |
| 102 | _aRU | ||
| 105 | _aa ||||||||| | ||
| 200 | 1 |
_aНейросетевые алгоритмы биометрической идентификации личности _fА.И. Иванов |
|
| 210 |
_aМ. _cРадиотехника _d2004 |
||
| 215 |
_a143 с. _cил. _d20 |
||
| 225 | 1 |
_aНаучная серия "Нейрокомпьютеры и их применение" _fРед. А.И. Галушкин _vКн. 15 |
|
| 320 | _aБиблиогр.: с. 139-143 (120 назв.) | ||
| 606 | 0 |
_aБиометрия _92186435 _3RU\NLR\auth\661314552 |
|
| 606 | 0 |
_aВычислительные системы _xЗащита информации _xАутентификация _92281537 _3RU\NLR\auth\661366902 |
|
| 686 | _aЗ973.202-018-07 | ||
| 686 | _aЕ.в641.8 | ||
| 700 | 1 |
_4070 _7ca _8rus _aИванов _bА. И. _cд-р техн. наук, нейроинформатика _gАлександр Иванович _99021 _3RU\NLR\auth\7725976 |
|
| 801 | 0 |
_aRU _bNLR _c20041209 _gPSBO |
|
| 801 | 1 |
_aRU _bNLR _c20041209 |
|
| 942 | _cBOOK | ||
| 980 | _aNB | ||